000 00489nam a2200169 4500
010 _aENG-139744
020 _a9788186939802
_c350.00
035 _aEN-123276
037 _bDBAD
082 _aN
100 _aShanbhogue, Lavanya
_963544
245 _aThe Heavens We Chase /
_cby Lavanya Shanbhogue- Arvind
260 _aNew Delhi
_bRoli Books Pvt.Ltd.
_c2016
270 _aM-75 Greater Kailash II Market,
_bNew Delhi
_e110048
300 _a252p.
_c21cm(pbk)
942 _2ddc
_cEN
_hN
_mSHA
999 _c201585
_d201585